Statistics for The Binding of Isaac Repentance - All Enemies

Click here to take the quiz!

General Stats

  • This quiz has been taken 92 times
    (50 since last reset)
  • The average score is 92 of 412

Answer Stats

HintAnswer% Correct
Chapter 1 / 1.5 / 2 / 3 / 3.5 / 4 / 5Fly
87%
Chapter 1 / 2 / 3 / 4 / 5 / 6Spider
71%
Chapter 1 / 1.5 / 2 / 3 / 4 / 6Attack Fly
66%
Chapter 1 / 2Fatty
66%
Chapter 1 / 1.5Gaper
63%
Chapter 1 / 2 / 3 / 4 / 5Pooter
55%
Chapter 1 / 2 / 3 / 4 / 5 / 6Dip
53%
Chapter 2 / 4 / 4.5Charger
50%
Chapter 2 / 3 / 4 / 5Host
50%
Chapter 1Mulligan
50%
Chapter 2 / 3 / 4Boil
47%
Chapter 1Horf
47%
Chapter 3 / 4.5 / HushHush Fly
47%
Chapter 1 / 2 / 3 / Has a 1% chance to replace the 2 enemies aboveSack
47%
Chapter 1 / 1.5 / 2 / 3 / 4.5Army Fly
45%
Chapter 1 / 2 / 3 / 4 / 5Big Spider
45%
Chapter 2 / 2.5 / 3 / 3.5 / 4 / 5 / 6Bony
45%
Chapter 4Eye
45%
Chapter 2 / 3 / Has a 6% chance to replace the above enemyGut
45%
Chapter 1 / 2 / 3Hopper
45%
Chapter 1 / 2Level 2 Spider
45%
Chapter 2 / 4.5Maggot
45%
Chapter 1 / 2 / Has a 1% chance to replace the 2 enemies aboveMulliboom
45%
Chapter 2 / 3 / 4 / Has a 10% chance to replace the above enemyRed Host
45%
Chapter 3 / 4Vis
45%
Chapter 3 / 4 / 5Baby
42%
Chapter 2 / 3Boom Fly
42%
Chapter 1 / 2 / 2.5 / 3Conjoined Fatty
42%
Chapter 2 / 3Corn
42%
All ChaptersEternal Fly
42%
Chapter 1 / 1.5 / 6Frowning Gaper
42%
Chapter 1 / 2 / 3 / Ultra GreedGreed Gaper
42%
Chapter 2 / 3Leaper
42%
Chapter 3 / 4 / 4.5 / 5Leech
42%
Chapter 1 / 2Level 2 Fly
42%
Can appear with the enemy belowMask
42%
Chapter 1 / 2 / 3 / 4 / 6Needle
42%
Chapter 1 / 2 / 3 / Has a 6% chance to replace the enemy 16 spaces belowTrite
42%
Blood PuppyBlood Puppy
39%
Chapter 1 / 2 / 3 / 4.5 / HushBlue Gaper
39%
Chapter 1 / 2 / 3 / 4 / 5Clot
39%
Chapter 1 / 1.5 / 2 / 4Clotty
39%
Chapter 2.5 / 3 / 3.5 / 4 / 5 / 6Death's Head
39%
Chapter 2 / 3 / 4Maw
39%
Chapter 1 / 2 / 3 / 4 / 5Sucker
39%
Chapter 2 / 3 / 4Walking Boil
39%
Chapter 1 / 2 / 3 / Has a 1% chance to replace the 2 enemies aboveWalking Sack
39%
Chapter 1.5 / 2 / 5 / 6Willo
39%
Chapter 2.5 / 3 / 5 / 6Black Bony
37%
Chapter 4 / 5 / Has a 5% chance to replace the above enemyBloodshot Eye
37%
Chapter 4.5 / 6Blue Conjoined Fatty
37%
Chapter 3 / 4 / 4.5Brain
37%
Chapter 3 / 4 / 5 / Has a 6% chance to replace the above enemy in UteroDouble Vis
37%
Chapter 2 / Has a 50% chance to replace the 2 enemies above in Flooded CavesDrowned Boom Fly
37%
Chapter 4Fred
37%
Chapter 2 / 3 / 4 / 4.5 / 5Globin
37%
Chapter 2 / 3 / 3.5 / 4Heart
37%
Chapter 2 / 3Hive
37%
Chapter 2 / 3 / 4 / 5Knight
37%
Chapter 2 / 3 / 4 / 5 / Has a 10% chance to replace the above enemy starting in Caves 1Red Boom Fly
37%
Chapter 1 / 2 / 3Ring Fly
37%
Chapter 1 / 2 / 3 / 4 / 5 / Has a 6% chance to replace the above enemySpit
37%
Chapter 1 / 2 / 3 / 4 / 5 / Has a 10% chance to replace the enemy 6 spaces aboveStoney
37%
Chapter 1 / 1.5 / 2Swarm Fly
37%
Chapter 1 (Ascent)Tainted Hopper
37%
Chapter 1 / 2 (Ascent)Tainted Pooter
37%
Chapter 2 / 3 / Has a 6% chance to replace the above enemyWalking Gut
37%
Chapter 5 / 6Black Globin
34%
Chapter 2 / 3 / 4.5 / HushBlue Boil
34%
Chapter 3.5Cultist
34%
Chapter 4Dople
34%
Chapter 2 / 3 / 4 / 5 / 6Gurgling
34%
Chapter 5Holy Mulligan
34%
Chapter 2 / 3 / 5 / Ultra GreedKeeper
34%
Chapter 2 / 3 / 4 / 5Mr. Maw
34%
Chapter 1 / 2 / 3 / 5 / 6Ragling
34%
Chapter 2 / 3 / 4 / 6 / Has a 10% chance to replace the above enemyRed Maw
34%
Chapter 1.5Strider
34%
Chapter 1 / 2 / 3Swarm Spider
34%
Chapter 2 (Ascent)Tainted Boom Fly
34%
Chapter 1 (Ascent)Tainted Mulligan
34%
Chapter 3.5 / 41/2 Heart
32%
Chapter 5 / Has a 6% chance to replace the above enemyAngelic Baby
32%
Chapter 3Dank Charger
32%
Chapter 3 / 5 / 6 / Has a 50% chance to replace the above enemy in Dank DepthsDank Death's Head
32%
Chapter 3 / 5 / Has a 50% chance to replace the 2 enemies above in Dank DepthsDank Globin
32%
Chapter 1 / 1.5 / 2Dart Fly
32%
Chapter 2 / Has a 50% chance to replace the 2 enemies above, the enemy 1 space below, and the enemy 4 spaces below in Flooded CavesDrowned Charger
32%
Chapter 2.5Faceless
32%
Chapter 1 / 3 / Has a 60% chance to replace the above enemy and the enemy below in Burning BasementFlaming Fatty
32%
Chapter 1 / 2 / 3 / Has a 60% chance to replace the above enemy and the enemy 17 spaces above in Burning BasementFlaming Hopper
32%
Chapter 2 / 3 / 4 / 4.5 / 5 / Has a 10% chance to replace the above enemyGazing Globin
32%
Chapter 3Gush
32%
Chapter 1 / 1.5Gusher
32%
Chapter 3 / 4Guts
32%
Chapter 1 / 2 / 2.5 / 3 / 6Migraine
32%
Chapter 2 / 3 / 5Mobile Host
32%
Chapter 1 / 2 / 3 / 4Moter
32%
Chapter 2 / 3 / 4 / 5 / Has a 20% chance to replace the above enemyMr. Red Maw
32%
Chapter 2.5Rock Spider
32%
Chapter 3.5 / 5Snapper
32%
Chapter 1 / 2 / 3 / 4 / Has a 10% chance to replace the above enemySuper Pooter
32%
Chapter 1 / 2 / 3 / 4Wall Creep
32%
Chapter 3.5 / 5Whipper
32%
Chapter 3.5Black Knight
29%
Chapter 2 / 3 / 4Blind Creep
29%
Chapter 1 / 2 / 3 / 4Blubber
29%
Chapter 2.5Bone Fly
29%
Chapter 3.5Cursed Globin
29%
Chapter 2 / Has a 50% chance to replace the above enemy in Flooded CavesDrowned Hive
29%
Chapter 5 / 6Evil Twin
29%
Chapter 2 / 3 / 4 / 5Fat Sack
29%
Chapter 1 / Has a 60% chance to replace the 2 enemies above in Burning BasementFlaming Gaper
29%
Chapter 2.5Fly Bomb
29%
Chapter 4.5Level 2 Gaper
29%
Chapter 1 / Has a 10% chance to replace the above enemyMulligoon
29%
Chapter 1 / 3 / 4 / 5 / 6Nerve Ending
29%
Chapter 1Pacer
29%
Chapter 1 / 2 / 3 / 4 / 5 / 6Pale Fatty
29%
The VoidPortal
29%
Chapter 1 / 2 / 3 / 4 / 5Squirt
29%
Chapter 3.5 / 5Bishop
26%
Chapter 1 / 3 / 5Black Globin's Head
26%
Chapter 3 / 3.5Brainless Knight
26%
The CageCage Vis
26%
Chapter 1.5Cloggy
26%
Chapter 2 / 3 / Dangle / BrownieCorn Mine
26%
Chapter 1 / 2 / 4Crazy Long Legs
26%
Has a 20% chance to replace the above enemy in the Aprils Fool ChallengeCross Stoney
26%
Chapter 6 / Little HornDark Ball
26%
MotherDead Isaac
26%
Chapter 3 / 4 / 5 / 6Dinga
26%
Chapter 2.5Dragon Fly
26%
Chapter 1 / 2 / 3 / 4 / 6Embryo
26%
Chapter 5Holy Bony
26%
Chapter 4 / 5 / Has a 1% chance to replace the 2 enemies aboveHoly Leech
26%
Chapter 1 / 2 / 3 / 4 / 5 / Has a 1% chance to replace the 2 enemies aboveI.Blob
26%
Chapter 2.5 / 3Ink
26%
The Duke of FliesLarge Attack Fly
26%
Chapter 4Leper
26%
Chapter 1.5Level 2 Willo
26%
Chapter 4Lump
26%
Chapter 2 / Has a 20% chance to replace the enemy 5 spaces above and the enemy 6 spaces aboveMushroom
26%
My ShadowMy Shadow
26%
Chapter 1 / 2 / 3Nest
26%
Chapter 1.5 / 5Polty
26%
Chapter 4.5Pustule
26%
Chapter 1 / 2 / 3 / 4Round Worm
26%
Chapter 4 / Has a 50% chance to replace the above enemy in Scarred WombScarred Guts
26%
Chapter 1 / 1.5 / Has a chance to replace the above enemySub Horf
26%
Chapter 2 / 3 / Has a 20% chance to replace the 3 enemies aboveThe Thing
26%
Chapter 2.5Tinted Rock Spider
26%
Chapter 2 / 3 / 4Tumor
26%
Chapter 3 / 3.5 / 5 / 6Begotten
24%
Chapter 2.5Big Bony
24%
The BloatBloat Eye
24%
Chapter 1.5 / 2Bloaty
24%
Chapter 1 / Turdlings / Dangle / BrownieBrownie Corn
24%
Chapter 1 / 2.5Coal Spider
24%
Chapter 1 / 2.5 / Has a 40% chance to replace the 2 enemies above in Burning BasementCrispy
24%
Chapter 2 / 3 / 5 / Has a 50% chance to replace the above enemy in Dank DepthsDank Squirt
24%
Chapter 2.5Dragon Fly X
24%
Chapter 3 / 5Floating Knight
24%
Chapter 1 / 2 / 3 / 4Full Fly
24%
Chapter 3.5Goat
24%
Chapter 1 / 6Grilled Clotty
24%
Chapter 2.5Grilled Gyro
24%
Chapter 2 / 3 / 4Grub
24%
Chapter 2.5Gyro
24%
Chapter 1.5Henry
24%
Chapter 5Holy Eye
24%
Chapter 4Homunculus
24%
Chapter 5 / 6Imp
24%
Chapter 3 / 5 / 6 / Has a 5% chance to replace the above enemyKamikaze Leech
24%
Chapter 4 / From the above enemyLeper Flesh
24%
Chapter 3 / 4 / 5 / Has a 6% chance to replace the enemy 4 spaces aboveMama Guts
24%
Can appear with the enemy belowMask II
24%
Chapter 1 / 2 / 3 / 4 / 6 / Has a 20% chance to replace the enemy 4 spaces above and the enemy 20 spaces aboveMinistro
24%
Chapter 2.5Mole
24%
Chapter 3 / 4 / 5 / 6Mom's Hand
24%
Chapter 3.5Morningstar
24%
PeepPeep Eye
24%
Chapter 3 / 4 / 5Poky
24%
Chapter 1.5 / 2Prey
24%
Chapter 1 / 2 / 3 / 4Skinny
24%
Chapter 2Spitty
24%
Ultra FamineUltra Famine Fly
24%
Ultra PestilenceUltra Pestilence Fly
24%
Chapter 1 / 3 / 5Black Globin's Body
21%
Chapter 1 / 1.5 / 2 / 2.5 / 3Bulb
21%
Chapter 1.5Drip
21%
Chapter 2 / 3 / 4Flesh Mobile Host
21%
Chapter 4 / 4.5Floast
21%
Chapter 2 / 3 / 4Half Sack
21%
Chapter 4.5Level 2 Gusher
21%
Chapter 4.5Level 2 Horf
21%
Chapter 3 / 3.5 / 5 / 6Lil' Haunt
21%
Chapter 4.5Mama Fly
21%
Chapter 4 / Has a 20% chance to replace the above enemyNerve Ending 2
21%
Chapter 3 / 5 / 6Nulls
21%
Chapter 2.5 / 3 / 3.5Pon
21%
Chapter 1 / 2 / 3 / 3.5 / 5Psychic Horf
21%
Chapter 2 / 3 / 3.5 / 4 / 5 / Has a 1% chance to replace the 2 enemies abovePsychic Maw
21%
Chapter 3 / 5Psy Tumor
21%
Chapter 3 / 4Rage Creep
21%
Chapter 1 / 6 / Rag Man / Rag MegaRag Man's Ragling
21%
Chapter 4 / 5 / 6 / Has a 50% chance to replace the 2 enemies above in Scarred WombScarred Double Vis
21%
Chapter 5 / 6Shady
21%
Chapter 4.5Sick Boom Fly
21%
Chapter 1 / 2 / 3 / 4Small Crazy Long Legs
21%
Chapter 3.5 / 5 / 6Soul Sucker
21%
Chapter 2.5Soy Creep
21%
Chapter 4.5Spikeball
21%
Chapter 2.5 (Ascent)Tainted Mole
21%
Chapter 1.5 (Ascent)Tainted Sub Horf
21%
Chapter 2 (Ascent)Tainted Sucker
21%
Ultra PestilenceUltra Pestilence Fly Ball
21%
Chapter 4.5Unborn
21%
Chapter 3 / 5 / 6Wizoob
21%
Chapter 1 / 2 / 3Baby Long Legs
18%
Chapter 1.5Big Corn
18%
Chapter 3.5Black Goat
18%
Chapter 2 / 2.5 / 3 / 4 / Has a 20% chance to replace the enemy 3 spaces below and a 10% chance to replace the enemy 19 spaces belowBlister
18%
Chapter 4Bloodfly
18%
Chapter 2.5Bouncer
18%
Chapter 3.5Brimstone Death's Head
18%
Chapter 2.5Carrion Princess
18%
Chapter 2.5Clickety Clack
18%
Chapter 2.5Coal Boy
18%
Chapter 2Conjoined Spitty
18%
Chapter 1 / 3 / 6Cyclopia
18%
Chapter 1.5 (Ascent)Elleech
18%
The Horny BoysEternal Fly Bomb
18%
Chapter 2 / 3 / 5Fat Bat
18%
Chapter 4.5Gasbag
18%
Chapter 2.5Hard Host
18%
Chapter 4.5Level 2 Charger
18%
Chapter 4Meatball
18%
Chapter 3 / 4 / 6MemBrain
18%
Chapter 1.5 / 5 / 6Mullighoul
18%
Chapter 1 / 2 / 3Night Crawler
18%
Chapter 2.5Quakey
18%
Chapter 4.5Rotten Gaper
18%
Chapter 2 / 3 / 4 / 5 / 6Rotty
18%
Chapter 1 / 2Roundy
18%
Chapter 5 / Has a 5% chance to replace the above enemySelfless Knight
18%
Chapter 1 / 2 / 3 / 4 / 5 / 6 / Has a 6% chance to replace the above enemySlide
18%
Chapter 2 / 2.5 / 3Splasher
18%
Chapter 4 / 5Stone Eye
18%
Chapter 2 / 2.5 / 3 / 3.5 / 4 / 4.5 / 5Stone Grimace
18%
Chapter 2.5 (Ascent)Tainted Faceless
18%
Chapter 3Tar Boy
18%
Chapter 3 / 3.5 / 4 / 4.5Triple Grimace
18%
Chapter 1.5 / 2Tube Worm
18%
Ultra DeathUltra Death Scythe
18%
Ultra GreedUltra Greed Coin (Bomb)
18%
Ultra GreedUltra Greed Coin (Heart)
18%
Ultra GreedUltra Greed Coin (Key)
18%
Ultra GreedUltra Greed Coin (Spinner)
18%
Chapter 1.5Blurb
16%
Chapter 2.5Bombgagger
16%
Chapter 1.5Bubbles
16%
Chapter 3.5Cursed Death's Head
16%
Chapter 4.5Cyst
16%
Chapter 2.5Danny
16%
DeathDeath Scythe
16%
Chapter 1.5Deep Gaper
16%
Chapter 1.5 / 2 / 3 / 4Dukie
16%
Chapter 1.5Dump
16%
Chapter 2 / 3 / 4 / 4.5Eggy
16%
Chapter 3.5 / The Heretic (Semi-Unused)Exorcist
16%
The HereticFanatic
16%
Chapter 4 / 5 / 6Flesh Death's Head
16%
Chapter 2 / 3 / 4 / 5Gaping Maw
16%
Chapter 2 / 3 / 5Hanger
16%
Chapter 3.5Lil Portal
16%
Chapter 3 / 3.5Loose Knight
16%
Chapter 2Mr. Mine
16%
Chapter 2 / 3 / 5One Tooth
16%
Chapter 4Para-Bite
16%
Chapter 2 / 3.5 / 6 / Rag MegaPurple Ball
16%
Chapter 4 / Has a 50% chance to replace the above enemy in Scarred WombScarred Para-Bite
16%
Chapter 1 / 2Small Baby Long Legs
16%
Chapter 1.5Small Leech
16%
Chapter 4.5Small Maggot
16%
The BeastStalagmite
16%
Chapter 2 / 3 / 5 / 6Swarmer
16%
Chapter 1 (Ascent)Tainted Round Worm
16%
Chapter 2.5 (Ascent)Tainted Soy Creep
16%
Chapter 2 (Ascent)Tainted Spitty
16%
Chapter 1 / 2 / 5Ticking Spider
16%
Chapter 1 / 2 / 4Ulcer
16%
Ultra DeathUltra Death Head
16%
Chapter 3.5Vis Fatty
16%
Chapter 1.5Wraith
16%
Chapter 3.5Baby Begotten
13%
Chapter 5 / 6Black Maw
13%
Chapter 2.5Blaster
13%
Chapter 5Brimstone Head
13%
Chapter 5 / 6Camillo Jr.
13%
Chapter 2 / 3 / 4 / Has a 1% chance to replace the enemy 2 spaces above and the enemy 3 spaces aboveChubber
13%
Cyan Champion ChubChub Boil
13%
Chapter 2.5Crackle
13%
Debug ConsoleDummy
13%
Chapter 1.5 / From the above enemyDump Head
13%
Chapter 2 / 2.5 / 3 / 5Gurgle
13%
Chapter 4.5Gutted Fatty
13%
Chapter 2.5Hardy
13%
Chapter 3 / 4 / 5Mom's Dead Hand
13%
Chapter 2.5Pasty
13%
Chapter 4Peeping Fatty
13%
(Unused)Red Fly Bomb
13%
Chapter 4 / 5 / 6Red Ghost
13%
The SirenSiren Minion
13%
Pink Champion Carrion QueenSmall Heart
13%
Chapter 1.5Splurt
13%
The BeastStalactite
13%
Chapter 4Swinger
13%
Chapter 1.5 (Ascent)Tainted Tube Worm
13%
Chapter 2 / 2.5 / 3 / 4 / Has a 6% chance to replace the above enemyVomit Grimace
13%
Chapter 1 / 2 / 2.5 / 3 / 4 / 5Wall Hugger
13%
Chapter 4.5Adult Leech
11%
Spawns from the enemy 14 spaces aboveAngelic Baby (small)
11%
Chapter 3.5Ball and Chain
11%
Unused after Eternal EditionBall of Flies
11%
Chapter 4.5 (Unused)Barfy
11%
Chapter 3.5Blood Cultist
11%
Chapter 3 / 3.5 / 4 / Has a chance to replace the above enemyBroken Gaping Maw
11%
Chapter 4 / 4.5Cohort
11%
Chapter 2 / 2.5 / 3 / 4 / 5Cross Stone Shooter
11%
Chapter 2.5Dust
11%
From the above enemyFestering Guts
11%
Chapter 1 / 3 / 4 / 4.5 / 6 (Scrapped) | Chapter 1.5Fissure
11%
Chapter 4Fistuloid
11%
Chapter 3.5 / 5Flagellant
11%
Chapter 1.5Gas Dwarf
11%
Chapter 3.5Grudge
11%
Chapter 3.5Kineti
11%
Big HornLarge Dark Ball
11%
Chapter 3.5Maze Roamer
11%
Chapter 1 / 3 / 4Mega Clotty
11%
Chapter 2.5Necro
11%
Chapter 4 / 5 / 6Oob
11%
Chapter 4Planetoid
11%
Chapter 3 / 4 / Has a 20% chance to replace the above enemyPoison Mind
11%
Chapter 3.5Quad Revenant
11%
Chapter 2.5 / 3.5Redskull
11%
Chapter 3.5Revenant
11%
The ShellShell Segment
11%
Chapter 3Sticky Leaper
11%
Chapter 4.5Twitchy
11%
Chapter 3.5Vis Versa
11%
Chapter 4 / 4.5 / 5 / 6Wrinkly Baby
11%
Chapter 2.5Bomb Grimace
8%
Chapter 5 / 6Bone Knight
8%
Chapter 4Cod Worm
8%
Chapter 2 / 2.5 / 3 / 3.5 / 4 / 5Constant Stone Shooter
8%
Chapter 4.5Dead Meat
8%
Chapter 2.5Dusty Death's Head
8%
Chapter 4.5Evis
8%
From the enemy 9 spaces above / Mausoleum MomFetal Demon
8%
Chapter 2.5Fire Worm
8%
Chapter 2.5Flesh Maiden
8%
From the enemy 2 spaces aboveGutted Fatty Eye
8%
Chapter 3.5 (Unused)Nightwatch
8%
From above enemyPeeping Fatty Eye
8%
Little HornPitfall
8%
Chapter 3.5Poofer
8%
Raglich (Unused)Rag Creep
8%
SingeSinge's Ball
8%
Chapter 2 / 3Buttlicker
5%
Chapter 3Butt Slicker
5%
Chapter 3.5 (Unused)Carrion Rider
5%
Chapter 1 / 1.5 / 2 / 3 / 4 (Scrapped)Dumpling
5%
Turdlet (Unused)Floater Turdlet
5%
Chapter 1.5Fly Trap
5%
Chapter 3.5Mockulus
5%
Chapter 1.5Poot Mine
5%
Chapter 2.5Quake Grimace
5%
Chapter 3 / 3.5 / 4.5 / 5 / 6 (Scrapped)Scab
5%
Chapter 3.5 / 5 (Scrapped)Screamer
5%
The SirenSiren Helper
5%
Chapter 1 / 2.5 / 2 / 3 (Scrapped)Skinling
5%
Chapter 3 / 5Slog
5%
(Unused)Split Rage Creep
5%
Chapter 1 / 4 / 5Suction Pitfall
5%
Chapter 3.5 (Unused)Swapper
5%
Ascent (Unused)Tainted Mr. Maw
5%
Little HornTeleport Pitfall
5%
Ultra PestilenceUltra Pestilence Maggot
5%
The VisageVisage Plasma
5%
The BeastBeast Soul
3%
Chapter 2 / 2.5 / 3 / 5 (Unused)Blind Bat
3%
Presumably Chapter 2.5 (Unused)Canary
3%
Chapter 3.5 / 5Candler
3%
Chapter 4.5 (Scrapped)Coil
3%
Chapter 3.5 / 4.5 (Unused)Corpse Eater
3%
Chapter 2.5 / 3.5 (Unused)Echo Bat
3%
Presumably Chapter 2.5 (Unused)Foreigner
3%
(Unused)Graverobber
3%
Chapter 3.5 (Unused)Necromancer
3%
Chapter 4 / 4.5 (Scrapped)Stillborn
3%
Chapter 3.5 (Unused)Strifer
3%
Chapter 4.5 (Unused)Vessel
3%
Mother (Scrapped)Blood Ball
0%
Unused Booster Pack EnemyCell
0%
Dogma (Unused)Dogma Angel Baby
0%
Dogma (Unused)Dogma Blackhole
0%
Unused Booster Pack EnemyFused Cell
0%
Has a rare chance to replace the above enemy (Unused)Golden Henry
0%
Unused Booster Pack EnemyTissue
0%

Score Distribution

Percentile by Number Answered

Percent of People with Each Score

Your Score History

You have not taken this quiz since the last reset